| 000 | 03321nam a22002897a 4500 | ||
|---|---|---|---|
| 001 | 8528 | ||
| 003 | FISKH | ||
| 005 | 20250918105009.0 | ||
| 008 | 250917b cb ||||| |||| 00| 0 eng d | ||
| 020 | _a9789996388040 | ||
| 040 |
_aFISKH _bkhr _cFISKH _dFISKH |
||
| 050 | _aPZ7 | ||
| 100 | _aSocheata, Soth | ||
| 245 |
_aកូនខ្លាឃ្មុំអូឡាឡាដឺងខុសហើយ! : _bLittle bear Oh La La realizes his mistakes ! / _cនិពន្ធដោយ អ្នកស្រី សុត សុជាតា |
||
| 260 |
_aPhnom Penh : _bGlory Printing House , _c2014. |
||
| 300 |
_a31 pages : _bcolor illustrations ; _c26 cm . |
||
| 505 | _aJ | ||
| 520 | _aកូនខ្លាឃ្មុំអូឡាឡាជាកូនពៅរបស់ស្តេចខ្លាឃ្មុំឈ្មោះឧត្តម ។ អូឡាឡាគិតតែផឹកសុីលេងល្បែងសុីសង ។ ថ្ងៃមួយអូឡាឡាមានគំនិតចង់អោយបិតាចែកទ្រព្យសម្បត្តិខ្លះដើម្បីទៅរកសុីចិញ្ចឺមជីវិត ។ បិតាក៏យល់ព្រម ។ អូឡាឡាក៏បានយកទ្រព្យសម្បត្តិទៅដើរលេង សុីចាយដល់អស់ពីខ្លួន រហូតដល់ថ្នាក់ទៅសុីឈ្នួលគេដើម្បីចិញ្ចឹមក្រពះ ។ ដោយសារតែទ្រាំនឹងការហត់នឿយមិនបានវាក៏បានឈប់ធ្វើការ ។ ក្រោយមកវាត្រូវបានខ្លាចាប់ឃុំ ដើម្បីធ្វើជាចំណី ។ វាមានការភិតភ័យជាខ្លាំង សំណាងល្អបិតាវាក៏បានមកជួយ ហើយវាក៏បានសុំទោសបិតា ហើយសន្យាថានឹងធ្វើខ្លួនអោយល្អ ។បកជាអង់គ្លេស | ||
| 520 | _aOhlala the bear cub was the youngest son of King Bear named Utdom. Ohlala only thought about eating, drinking, and playing gambling games. One day, he came up with the idea of asking his father to divide some of the family’s wealth so he could go off and live his own life. His father agreed. Ohlala then took the wealth and went out enjoying himself, spending everything he had until he was completely broke. Eventually, he had to work for others just to feed himself. Because he couldn't bear the exhaustion of hard work, he stopped working. Later, he was captured by a tiger to be eaten. He was extremely terrified. Luckily, his father came to rescue him. Ohlala apologized to his father and promised to become a better bear from then on. | ||
| 521 | 8 |
_a500
_bLexile estimate |
|
| 521 | 8 |
_aJ
_bRaz-Plus |
|
| 650 |
_aកូនខ្លាឃ្មុំ អូឡាឡាដឹងខុសហើយ _vរឿងនិទានកុមារ |
||
| 650 |
_aLittle bear Oh La La realizes his mistakes ! _vChildren's stories |
||
| 700 |
_aBunthon, Theak _eIllustrator |
||
| 942 |
_2ddc _cBK _n0 |
||
| 999 |
_c8528 _d8528 |
||